| 000 | 00576nam a2200217Ia 4500 | ||
|---|---|---|---|
| 005 | 20250508164114.0 | ||
| 008 | 008 250505s9999 xx 000 0 hin d | ||
| 037 | _aTextBook | ||
| 040 |
_aFEDL _beng _cFEDL |
||
| 041 |
_ahin _2eng |
||
| 084 |
_a491.43, TIW _qFEDL |
||
| 100 | _aTiwari Bholanath | ||
| 245 | 0 | _aHindi bhasha ka itihaas | |
| 250 | _a4 | ||
| 260 |
_aNew Delhi, India _bVani Prakshan _c2004 |
||
| 300 | _a356p | ||
| 365 |
_aINR _b250 |
||
| 650 |
_aHindi Language - History _9777334 |
||
| 942 |
_cTB _h491.43, TIW |
||
| 999 |
_c1387082 _d1387082 |
||